El guión radiofónico / (Record no. 98345)

MARC details
000 -LEADER
campo de control de longitud fija 00786nam a2200217 i 4500
001 - NÚMERO DE CONTROL
campo de control 98345
003 - IDENTIFICADOR DE NÚMERO DE CONTROL
campo de control ES-MaACL
005 - FECHA Y HORA DE LA ÚLTIMA TRANSACCIÓN
campo de control 20250901073226.0
007 - CAMPO FIJO DE DESCRIPCIÓN FÍSICA--INFORMACIÓN GENERAL
campo de control de longitud fija t|
008 - DATOS DE LONGITUD FIJA--INFORMACIÓN GENERAL
campo de control de longitud fija 050728s1957 sp ||||1| spa d
100 1# - ENTRADA PRINCIPAL--NOMBRE DE PERSONA
Nombre de persona Martín Martínez, Isidoro.
9 (RLIN) 77559
245 13 - MENCIÓN DEL TÍTULO
Título El guión radiofónico /
Mención de responsabilidad, etc. Isidoro Martín ; presentación a cargo de Tomás Salvador ; con un radiograma de José-Joaquín Marroquí y un poema radiofónico de José Mª Tavera.
260 ## - PUBLICACIÓN, DISTRIBUCIÓN, ETC.
Lugar de publicación, distribución, etc. Barcelona :
Nombre del editor, distribuidor, etc. Freixa,
Fecha de publicación, distribución, etc. 1957.
300 ## - DESCRIPCIÓN FÍSICA
Extensión 337 p., 6 lám. ;
Dimensiones 22 cm.
650 #7 - PUNTO DE ACCESO ADICIONAL DE MATERIA--TÉRMINO DE MATERIA
Término de materia o nombre geográfico como elemento de entrada Guiones radiofónicos
Fuente del encabezamiento o término embne
9 (RLIN) 173210
700 1# - ENTRADA AGREGADA--NOMBRE PERSONAL
Nombre de persona Salvador, Tomás.
9 (RLIN) 102080
700 1# - ENTRADA AGREGADA--NOMBRE PERSONAL
Nombre de persona Marroquí, José Joaquín.
9 (RLIN) 77084
700 1# - ENTRADA AGREGADA--NOMBRE PERSONAL
Nombre de persona Tavera Baz, José María.
9 (RLIN) 109420
852 ## - LOCALIZACIÓN
Ubicación ES-MaACL
Número de control de estantería C-13637
Holdings
Estatus retirado Estado de pérdida Estado de daño No para préstamo Biblioteca de origen Biblioteca actual Ubicación en estantería Fecha de adquisición Fuente de adquisición Total de préstamos Signatura topográfica completa Código de barras Visto por última vez Precio de reemplazo Tipo de ítem Koha
        Biblioteca del Ateneo de Madrid Biblioteca del Ateneo de Madrid Sala Palomar 17/01/2008     C-13637 1102665 23/02/2023 23/02/2023 Libro impreso